| 000 | 00335nam a22001457a 4500 | ||
|---|---|---|---|
| 003 | SGT | ||
| 020 | _a978-81-312-0634-8 | ||
| 082 |
_a616.079 _bI06M |
||
| 100 | _aMOSS,MARK.H. | ||
| 245 | _aIMMUNOLOGY AND ALLERGY CLINICS OF NORTH AMERICA | ||
| 260 |
_aNOIDA _bELSEVIER _c2006 |
||
| 300 | _a449 | ||
| 650 | _aAYURVEDA | ||
| 942 |
_2ddc _cBK |
||
| 999 |
_c16800 _d16800 |
||